| 000 | 01293nam a2200277Ia 4500 | ||
|---|---|---|---|
| 999 |
_c55303 _d55303 |
||
| 001 | 22380 | ||
| 003 | GE_BSU | ||
| 005 | 20230313153444.0 | ||
| 008 | 181216s2010||||ge |||||||||||||| ||geo|| | ||
| 020 | _a978994117804 | ||
| 040 | _cGE_BSU | ||
| 041 | _ageo | ||
| 080 | _a37.01(042.4) ჯ 48 | ||
| 100 |
_aჯინჯიხაძე, ჯემალ _94927 |
||
| 245 |
_aთანამედროვე პედაგოგიური ტექნოლოგიები : _bლექციების კურსი / _cჯემალ ჯინჯიხაძე ; რედ. თამაზ კარანაძე. |
||
| 260 | _a. | ||
| 264 |
_aთბილისი : _bუნივერსალი, _c2012. |
||
| 300 |
_a20 სმ.; _c342 გვ. |
||
| 504 | _aბიბლიოგრაფია გვ. 340-342 | ||
| 541 | _h10ლ | ||
| 653 | _aზოგადპედაგოგიური და ზოგადდიდაქტიკური ტექნოლოგიები | ||
| 653 | _aთანამედროვე პედაგოგიური ტექნოლოგიები | ||
| 653 | _aპედაგოგიკა | ||
| 700 |
_aკარანაძე, თამაზ _eრედაქტორი _914580 |
||
| 942 |
_cBK _2udc |
||